Responses for Show #2174 - Thursday, February 3, 1994

Tom Nichols game 4.

Contestants

[<< previous game]

Lois Murray, a teacher from New Haven, Connecticut

Jim Proulx, a reporter from Fresno, California

Tom Nichols, a professor originally from Chicopee, Massachusetts (whose 3-day cash winnings total $31,700)

[next game >>]

Jeopardy! Round responses

POLAND
MUSIC TRIVIA
BABY CARE
JULY
MAGAZINES
TASTY EXPRESSIONS
    $100 5
Warsaw

Tom
    $100 1
The Who

Tom
    $100 16
teeth

Lois
    $100 19
George (H.W.) Bush

Jim
    $100 3
Life

Lois
    $100 12
pie

Tom
    $200 7
rivers

Lois
    $200 2
five

Lois
    $200 17
crib

Tom
    $200 21
Empire State Building

Jim
    $200 4
Good Housekeeping & Better Homes and Gardens

Jim
    $200 20
nuts

Tom
    $300 8
Copernicus

Tom
    $300 6
"don't fence me in"

Jim
    $300 27
sonogram

Lois
    $300 23
Medicare

Tom
    $300 14
Petite

Lois
    $300 22
the pudding

Tom
    $400 9
Gdansk

Tom
    $400 11
Gene Krupa

Lois
    $400 28
pink eye

Lois
    $400 24
polygamy

Tom
    $400 15
(Tom: What is Women's Wear Daily?)

Vogue

TomLois
    $400 26
"that's the way the cookie crumbles"

Lois
    $500 10
zlotys

Tom
    $500 13
Rudy Vallee

Tom
    $500 29
weaning

Tom
    $1,000 25
(Tom: What is Saudi Arabia?)

Libya

Tom
    $500 18
Games

Triple Stumper
    $500 30
"sell like hotcakes"

Tom

Scores at the first commercial break (after clue 15):

Tom Jim Lois
$1,600 $500 $1,600

Scores at the end of the Jeopardy! Round:

Tom Jim Lois
$3,000 $800 $2,800

Double Jeopardy! Round responses

ROYALTY
ART
MYTHOLOGY
AMERICANA
SCIENCE
AUTHOR PUNS
    $200 10
Spain

Lois
    $200 18
Rembrandt

Lois
    $200 6
(Jim: Who was Aphrodite?)

the moon

Jim
Triple Stumper
    $200 8
Milwaukee

Lois
    $200 22
oxygen

Tom
    $200 1
"Scott-free"

Tom
    $400 11
Sweden

Jim
    $400 19
Diego Rivera

Lois
    $400 7
Zeus

Tom
    $400 9
(Jim: What is Malibu?)

Mobile, Alabama

Jim
Triple Stumper
    $400 23
tail

Jim
    $400 2
(Lois: Who is Poe?)
(Tom: What is "Poe penmanship?)
(Jim: What is "Poe handwriting?")

"Poe excuse"

TomJimLois
Triple Stumper
    $600 12
(Lois: What is Malta?)
(Jim: What is Cyprus?)

Sicily

JimLois
Triple Stumper
    $2,000 20
Baroque

Lois
    $600 27
Romulus

Lois
    $600 15
Louisiana

Tom
    $600 24
tornado

Jim
    $600 3
"Dahl's house"

Tom
    $800 13
Catherine

Lois
    $800 21
Cezanne

Tom
    $800 29
Hermes

Tom
    $800 16
Cincinnati

Jim
    $800 25
flashpoint

Jim
    $800 4
"Look Out, Bellow!"

Tom
    $1000 14
Prince Philip

Jim
    $1000 28
provenance

Lois
    $1000 30
(Lois: Who was Apollo?)

Paris

JimLois
    $1000 17
Phoenix

Lois
    $2,400 26
cold-blooded

Jim
    $1000 5
"Nash Rambler"

Jim

Scores at the end of the Double Jeopardy! Round:

Tom Jim Lois
$7,000 $7,600 $7,200

[wagering suggestions for these scores]

Final Jeopardy! Round responses

U.S. HISTORY
(Alex: The play Abraham Lincoln was watching when he was assassinated in 1865.)
TomWhat is Our American Cousin?
$6,990
LoisWhat is Uncle Tom's Cabin?
$7,200
JimWhat is Uncle Tom's Cabin?
$6,900
Our American Cousin

Final scores:

Tom Jim Lois
$13,990 $700 $0
4-day champion: $45,690 2nd place: Zeos portable computer & Bassett computer workstation 3rd place: RCA Home Theater laser disc & CD player

Game dynamics:

Coryat scores:

Tom Jim Lois
$8,000 $6,200 $5,800
22 R,
3 W
(including 1 DD)
13 R
(including 1 DD),
4 W
19 R
(including 1 DD),
3 W

Combined Coryat: $20,000

[game clues] [game scores] [suggest correction]

Game tape date: 1993-11-02
The J! Archive is created by fans, for fans. Scraping, republication, monetization, and malicious use prohibited; this site may use cookies and collect identifying information. See terms. The Jeopardy! game show and all elements thereof, including but not limited to copyright and trademark thereto, are the property of Jeopardy Productions, Inc. and are protected under law. This website is not affiliated with, sponsored by, or operated by Jeopardy Productions, Inc. Join the discussion at JBoard.tv.